01195nam a22002175i 4500001000700000003000900007005001700016008004100033040001800074100003900092245022500131250004600356260008600402300004900488505009400537594010100631651003100732852006900763999001900832952012600851154468ES-MaACL20230906205737.0970828s1868 sp |||| | spa d aAR bspa cAR1 aGómez Ranera, Alejandro.912770210aCompendio de Historia de España b: desde su origen hasta el Reinado de Doña Isabel II y año de 1862 / cextractado de las obras más acreditadas de autores nacionales y extranjeros ... por Alejandro Gomez Ranera. a8ª ed. con adiciones por su mismo autor. aMadrid : bAlejandro Gomez Fuentenebro : bHernando [etc.] [distribuidor],c1868. a468, 158 p., [1] h. de map. pleg. ; c22 cm.8 aElementos de Geografía política, estadística y administrativa de España: p. 1-158 1aObra señalada de texto para la segunda enseñanza en los Institutos y Seminarios Conciliares. 4aEspaña-xHistoria.98209 aES-MaACLjD-1715 z-- Enc. hol. q-- Sólo la segunda secuencia c154468d154468 001040708LIBXIXaATENEOMbATENEOMcSVId2008-01-17eSSCl0oD-1715p901161542r2023-02-23 00:00:00w2023-02-23yMONANT